[Event "6th ch-PriFO Men"]
[Site "Kazan RUS"]
[Date "2008.01.27"]
[Round "5"]
[White "Rozkov,N"]
[Black "Sharafiev,A"]
[Result "1/2-1/2"]
[WhiteElo "2456"]
[BlackElo "2332"]

1.e4 c5 2.Nf3 Nc6 3.Bb5 g6 4.O-O Bg7 5.c3 Nf6 6.Qa4 a6 7.d4 cxd4 8.cxd4 Nxe4
9.d5 Nc5 10.Qa3 Na7 11.Qxc5 Nxb5 12.Re1 d6 13.Qb4 O-O 14.Bg5 Re8 15.Qh4 f6
16.Be3 e5 17.dxe6 Bxe6 18.Nbd2 Rc8 19.a4 Nc7 20.Qb4 Nd5 21.Qxb7 Rb8 22.Qxa6 Nb4
23.Qf1 Nc2 24.Nd4 Nxe1 25.Nc6 Qc8 26.Nxb8 Nxg2 27.Qxg2 Qxb8 28.Bd4 Bh6 29.Ne4 Bg7
30.Nxf6+ Bxf6 31.Bxf6 Rf8 32.Qg5 Qb4 33.Bc3 Qc4 34.Re1 Rf4 35.h3 Kf7 36.a5 Rf5
37.Qh6 Ke8 38.Qe3 Kd7 39.Qa7+ Kc8 40.Re3 Rg5+ 41.Rg3 Rxg3+ 42.fxg3 Qc5+ 43.Qxc5+ dxc5
44.g4 h5 45.gxh5 gxh5 46.Kg2 Kb7 47.Kg3 Bb3 48.Kh4 Bd1  1/2-1/2

[Event "6th ch-PriFO Men"]
[Site "Kazan RUS"]
[Date "2008.01.28"]
[Round "6"]
[White "Amirkhanov,Ro"]
[Black "Talov,N"]
[Result "1-0"]
[WhiteElo "2291"]
[BlackElo "1973"]

1.e4 c5 2.Nf3 Nc6 3.Bb5 d6 4.Bxc6+ bxc6 5.O-O g6 6.d4 cxd4 7.Qxd4 e5 8.Qa4 Qc7
9.Na3 Bg4 10.Nd2 Bg7 11.Ndc4 Nf6 12.f3 Be6 13.Rd1 Rd8 14.Bd2 Rd7 15.Bb4 d5
16.exd5 cxd5 17.Nd6+  1-0

[Event "Winter Open"]
[Site "Belgrade SRB"]
[Date "2008.01.29"]
[Round "8"]
[White "Matejic,Z"]
[Black "Ocokoljic,Z"]
[Result "1/2-1/2"]
[WhiteElo "2228"]
[BlackElo "2040"]

1.e4 c5 2.Nf3 Nc6 3.Bb5 e6 4.O-O Nge7 5.d4 cxd4 6.Nxd4 Nxd4 7.Qxd4 Nc6 8.Bxc6 bxc6
9.c4 Qb6 10.Be3 Qxd4 11.Bxd4 f6 12.f4 Ba6 13.b3 Be7 14.e5 f5 15.Nc3 g5 16.g3 gxf4
17.Rxf4 Rg8 18.Rf2 h5 19.Ne2 h4 20.Be3 hxg3 21.hxg3 O-O-O 22.Rh2 Rg7 23.Kf2 c5
24.Bf4 d5 25.exd6 Bxd6 26.Rd1 e5 27.Rxd6 Rxd6 28.Bxe5 Rgd7 29.Bxd6 Rxd6 30.Rh8+ Kc7
31.Rf8 Bc8 32.Ke3 Re6+ 33.Kd3 Rd6+ 34.Kc3 Re6 35.Kd3 Rd6+ 36.Kc2 Bb7 37.Nf4 Be4+
38.Kc1 Rh6 39.Rf7+ Kb6 40.Rd7 a6 41.a3 Bf3 42.b4 cxb4 43.axb4 Rh1+ 44.Kc2 Be4+
45.Kb2 Rb1+ 46.Kc3 Rg1 47.Rd6+ Kb7 48.Rg6 Rd1 49.g4 Rf1 50.Ne6 Rc1+ 51.Kd4 Rd1+
52.Ke5 Rc1 53.Nc5+ Kc8 54.Nxe4 fxe4 55.Kd5 Rb1 56.Re6 Rxb4 57.Rxe4 Kd7 58.c5 Rb1
59.c6+ Kc7 60.Re7+ Kc8 61.Ke6 Re1+ 62.Kf6 Rc1 63.Re6 Rf1+ 64.Kg6 a5 65.Re5 a4
66.Ra5 Ra1 67.g5 a3 68.Kg7 a2 69.g6 Kc7 70.Kg8 Kxc6 71.g7 Kb6 72.Ra3  1/2-1/2

[Event "6th Gibtelecom Masters"]
[Site "Gibraltar ENG"]
[Date "2008.01.29"]
[Round "8"]
[White "Hammer,J"]
[Black "Banikas,H"]
[Result "0-1"]
[WhiteElo "2441"]
[BlackElo "2592"]

1.e4 c5 2.Nf3 Nc6 3.Bb5 d6 4.Bxc6+ bxc6 5.O-O e5 6.c3 Bg4 7.h3 Bxf3 8.Qxf3 Nf6
9.d3 Be7 10.Nd2 Nd7 11.Nc4 O-O 12.Qg3 f6 13.d4 cxd4 14.cxd4 exd4 15.Rd1 c5
16.Nxd6 Bxd6 17.Qxd6 Rb8 18.b3 Rf7 19.Bf4 Rb5 20.Rac1 g5 21.Bg3 Qa8 22.Qe6 a5
23.Qf5 Qa6 24.Qd5 a4 25.bxa4 Qxa4 26.Rb1 Ra5 27.Rd2 Ra6 28.Rc1 Qb4 29.Rdc2 Qb6
30.Ra1 Qe6 31.a4 f5 32.Qxe6 Rxe6 33.exf5 Rxf5 34.a5 Ra6 35.Bc7 Rd5 36.Rac1 Kf7
37.f4 Rc6 38.Bb6 gxf4 39.Rf2 Nxb6 40.Rxf4+ Kg6 41.Rg4+ Kh5 42.axb6 Rxb6 43.Rg7 Kh6
44.Rc7 d3 45.Kf2 d2 46.Rd1 Rf6+ 47.Ke2 Re6+ 48.Kf2 Rf5+ 49.Kg3 Rg6+ 50.Kh2 Rf2
51.Rc8 Rfxg2+ 52.Kh1 Rg1+ 53.Rxg1 Rxg1+ 54.Kxg1 d1=Q+ 55.Kg2 Qe2+ 56.Kh1 Qf1+
57.Kh2 Qf2+  0-1

[Event "6th ch-PriFO Men"]
[Site "Kazan RUS"]
[Date "2008.01.29"]
[Round "7"]
[White "Yandemirov,V"]
[Black "Pavlov,De1"]
[Result "1/2-1/2"]
[WhiteElo "2461"]
[BlackElo "2292"]

1.e4 c5 2.Nf3 Nc6 3.Bb5 g6 4.Bxc6 dxc6 5.d3 Bg7 6.h3 Nf6 7.Nc3 Nd7 8.Be3 e5
9.Qd2 h6 10.O-O Qe7 11.Nh2 Nf8 12.f4 exf4 13.Bxf4 Ne6 14.Bg3 Nd4 15.Rae1 Be6
16.e5 O-O-O 17.Ne4 Nf5 18.Bf2 Bxe5 19.Nxc5 Bxh2+ 20.Kxh2 Qc7+ 21.Kg1 Bd5
22.Qb4 b6 23.Ne4 c5 24.Qc3 Rhe8 25.Nf6 Rxe1 26.Rxe1 Bb7 27.Qe5 Qc6 28.Re4 Qd6
29.Qxd6 Rxd6 30.Re8+ Kc7 31.Ng8 Kd7 32.Re1 g5 33.g4 Rg6 34.gxf5 Rxg8 35.f6 Re8
36.Rxe8  1/2-1/2

[Event "6th ch-PriFO Men"]
[Site "Kazan RUS"]
[Date "2008.01.29"]
[Round "7"]
[White "Kalegin,E"]
[Black "Borisenko,An"]
[Result "1-0"]
[WhiteElo "2480"]
[BlackElo "2420"]

1.e4 c5 2.Nf3 Nc6 3.Bb5 g6 4.Bxc6 dxc6 5.d3 Bg7 6.h3 Nf6 7.Nc3 O-O 8.Be3 b6
9.Qd2 Ne8 10.Bh6 f6 11.Ne2 Qd6 12.O-O-O Be6 13.Kb1 a5 14.d4 cxd4 15.Nexd4 Bf7
16.Bxg7 Nxg7 17.Qc3 c5 18.Nf5 Qe6 19.Nh6+ Kh8 20.Nxf7+ Rxf7 21.Rhe1 Rff8
22.e5 Rad8 23.exf6 exf6 24.Rxd8 Rxd8 25.b3 Qd6 26.a4 Kg8 27.Qc4+ Kf8 28.g4 Re8
29.Rxe8+ Nxe8 30.Qe4 Qd1+ 31.Kb2 Qf1 32.Nd2 Qxh3 33.Nc4 Qh2 34.Nxb6 Qd6 35.Nc4 Qe7
36.Qd5 Nc7 37.Qf3 Kg7 38.Qc3 Nd5 39.Qxa5 h5 40.gxh5 gxh5 41.Qd2 Qe4 42.Ne3 Nb4
43.a5 Kg6 44.c3 Nd3+ 45.Ka2 c4 46.Nxc4 h4 47.a6 h3 48.f3 Qxf3 49.a7 Nc1+
50.Kb2 Ne2 51.Nb6 h2 52.a8=Q h1=Q 53.Qe8+  1-0

[Event "6th ch-PriFO Men"]
[Site "Kazan RUS"]
[Date "2008.01.30"]
[Round "8"]
[White "Sokolov,Sergei"]
[Black "Pavlov,De1"]
[Result "1-0"]
[WhiteElo "2356"]
[BlackElo "2292"]

1.e4 c5 2.Nf3 Nc6 3.Bb5 g6 4.Bxc6 dxc6 5.d3 Bg7 6.h3 Nf6 7.Nc3 Nd7 8.Be3 e5
9.Qd2 h6 10.O-O Qe7 11.Nh2 Nf8 12.f4 exf4 13.Rxf4 Ne6 14.Rf2 Nd4 15.Raf1 Be6
16.b3 O-O-O 17.Ne2 g5 18.Bxd4 cxd4 19.Qa5 b6 20.Qa6+ Kb8 21.Ng3 Be5 22.Nf5 Bc7
23.Nxe7  1-0

[Event "6th ch-PriFO Men"]
[Site "Kazan RUS"]
[Date "2008.01.30"]
[Round "8"]
[White "Davydov,St"]
[Black "Talov,N"]
[Result "1/2-1/2"]
[WhiteElo "2195"]
[BlackElo "1973"]

1.e4 c5 2.Nf3 Nc6 3.Bb5 d6 4.O-O Bd7 5.c3 Nf6 6.Re1 a6 7.Ba4 b5 8.Bc2 g6
9.d3 Bg7 10.Nbd2 O-O 11.Nf1 Rc8 12.h3 b4 13.c4 Ne8 14.Ba4 Nc7 15.Bxc6 Bxc6
16.d4 cxd4 17.Nxd4 Bd7 18.Be3 Ne6 19.b3 Nc5 20.Ng3 Qa5 21.Qd2 Bc6 22.Bh6 Qb6
23.Bxg7 Kxg7 24.Rad1 Qb7 25.Nxc6 Rxc6 26.Qg5 Kh8 27.e5 Ne6 28.Qh6 dxe5 29.Rxe5 Rcc8
30.Ne4 Rcd8 31.Rxd8 Rxd8 32.Ng5 Nxg5 33.Rxg5 Qe4 34.Rd5 Re8 35.Qd2 Rb8 36.c5 Rc8
37.Rd8+ Rxd8 38.Qxd8+ Kg7 39.Qd2 a5 40.Qc1 Qc6 41.a3 bxa3 42.Qxa3 Qb5 43.Qb2+ Kg8
44.Qc3 Qd7 45.Qxa5 Qd1+ 46.Kh2 Qxb3 47.Qd8+ Kg7 48.c6 Qc4 49.Qc7 Kf6 50.g3 Qd4
51.Kg2 Qd5+ 52.Kh2 Qd4  1/2-1/2

[Event "6th ch-PriFO Men"]
[Site "Kazan RUS"]
[Date "2008.01.31"]
[Round "9"]
[White "Gorozhankina,J"]
[Black "Davydov,St"]
[Result "0-1"]
[WhiteElo "2037"]
[BlackElo "2195"]

1.e4 c5 2.Nf3 Nc6 3.Bb5 g6 4.O-O Bg7 5.Nc3 Nd4 6.Nxd4 cxd4 7.Ne2 a6 8.Ba4 b5
9.Bb3 e6 10.c3 Bb7 11.d3 dxc3 12.Nxc3 Ne7 13.Re1 d5 14.Bg5 d4 15.Ne2 O-O
16.Qd2 Qd7 17.a4 bxa4 18.Bxa4 Nc6 19.Rec1 Rfc8 20.Rc4 Rc7 21.Nc1 f6 22.Bh6 Bxh6
23.Qxh6 Qd6 24.Nb3 e5 25.Qd2 Rac8 26.Nc5 Na5 27.Nxb7 Nxb7 28.Bb3 Kg7 29.Rxc7+ Rxc7
30.Bc4 Nc5 31.f3 Rc6 32.b3 Rb6 33.Qa2 Qb8 34.Rb1 Rb4 35.h3 Qb6 36.Qa3 a5
37.Ra1 Nxb3 38.Bxb3 Rxb3 39.Qe7+ Kh6 40.Kh2 Rxd3 41.Qf8+ Kh5 42.Qg7 h6 43.Rf1 Rd2
44.Qd7 f5 45.exf5 Qf6 46.Kh1 gxf5 47.Re1 Kh4 48.Qe8 Qg5 49.g4 Qf4 50.Qh5+ Kg3
51.Rg1+ Kxf3 52.Rf1+ Rf2 53.gxf5+ Ke3 54.Re1+ Kd3 55.Qd1+ Qd2 56.Qb3+ Qc3
57.Rd1+ Ke4 58.Qb7+ Kf4  0-1

[Event "4th Open C Women"]
[Site "Moscow RUS"]
[Date "2008.02.02"]
[Round "1"]
[White "Ambartsumova,K"]
[Black "Andreeva,E"]
[Result "1-0"]
[WhiteElo "2228"]
[BlackElo "1954"]

1.e4 c5 2.Nf3 Nc6 3.Bb5 g6 4.O-O Bg7 5.Re1 e6 6.Bxc6 dxc6 7.d3 Ne7 8.Nc3 O-O
9.e5 Qc7 10.Ne4 b6 11.Bf4 a5 12.Qd2 Ba6 13.Nf6+ Kh8 14.Ng5 h5 15.Nxh5 gxh5
16.Qe2 Nf5 17.Qxh5+ Nh6 18.Ne4 Kh7 19.Nf6+  1-0

[Event "4th Open C Women"]
[Site "Moscow RUS"]
[Date "2008.02.02"]
[Round "1"]
[White "Chernyshova,N"]
[Black "Frantsuzova,L"]
[Result "1/2-1/2"]
[WhiteElo "1947"]
[BlackElo "1899"]

1.e4 c5 2.Nf3 Nc6 3.Bb5 e6 4.O-O Nd4 5.Nxd4 cxd4 6.d3 a6 7.Ba4 b5 8.Bb3 Bb7
9.Nd2 Nf6 10.f4 h5 11.Nf3 Bc5 12.Bd2 a5 13.a4 b4 14.Be1 Ng4 15.Bh4 f6 16.Qe2 Qc7
17.Nd2 Bd6 18.Qf3 O-O-O 19.Nc4 Bc5 20.h3 Ne3 21.Rfe1 Nxc4 22.Bxc4 Rde8 23.Kh1 Bd6
24.Rf1 Kb8 25.Qf2 Bc5 26.f5 Ka7 27.Bg3 Qb6 28.Bb5 Re7 29.Qf4 e5 30.Qf3 Ba6
31.Bxa6 Kxa6 32.Be1 d6 33.Qe2 Ka7 34.Kg1 Qc6 35.Bd2 d5 36.Rfe1 dxe4 37.Qxe4 Qxe4
38.Rxe4 Kb6 39.Kf2 Rc7 40.Ke2 Kc6 41.c3 dxc3 42.bxc3 bxc3 43.Bxc3 Bb6 44.Rc4+ Kd5
45.Rxc7 Bxc7 46.Rb1 Ra8 47.Rb5+ Kc6 48.Kf3 Bb6 49.Ke4 Ra7 50.g4 hxg4 51.hxg4 Rd7
52.g5 Ra7 53.g6 Ra8 54.d4 exd4 55.Bxd4 Re8+ 56.Kd3 Bxd4 57.Kxd4 Ra8 58.Rd5 Ra7
59.Kc4 Ra8 60.Rb5 Kd6 61.Rc5 Ra7 62.Kd4 Ra8 63.Rb5 Kc6 64.Kc4 Ra7 65.Kd4 Rd7+
66.Kc4 Ra7 67.Kd4 Rd7+ 68.Kc4  1/2-1/2

[Event "FISS Int"]
[Site "San Cristobal VEN"]
[Date "2008.02.02"]
[Round "7"]
[White "Gallegos,Ca"]
[Black "Alvarez,Joh"]
[Result "0-1"]
[WhiteElo "2430"]
[BlackElo "2385"]

1.e4 c5 2.Nf3 Nc6 3.Bb5 g6 4.O-O Bg7 5.Re1 e5 6.c3 Nge7 7.d4 cxd4 8.cxd4 exd4
9.Bf4 a6 10.Na3 O-O 11.Bf1 d6 12.h3 Be6 13.Qd2 Re8 14.Nc2 Qb6 15.Bxd6 Rad8
16.Ba3 a5 17.Bd3 h6 18.b3 Rd7 19.Kh1 g5 20.e5 Ng6 21.Bxg6 fxg6 22.Bd6 d3
23.Qxd3 Nxe5 24.Nxe5 Rxd6 25.Qg3 Rd2 26.Ne3 Qb5 27.N3c4 Bxc4 28.bxc4 Qc5
29.Nd3 Rxe1+ 30.Rxe1 Qxc4 31.Re3 b5 32.Qd6 Kh7 33.Qd7 b4 34.g4 Qd4 35.Qb5 Rxf2
36.Nxf2 Qxe3 37.Kg2 Qa3 38.Qd5 a4 39.Qf7 b3 40.axb3 axb3 41.Qb7 Qa2 42.Kf3 b2
43.Ne4 Qe6 44.Ke3 Qe5 45.Kf3 h5 46.gxh5 gxh5 47.Nd2 Kg6 48.Ne4 Bf6 49.Kg2 Qf5
50.Qb4 g4 51.hxg4 hxg4 52.Nd2 Be5 53.Qc5 Qd3  0-1

[Event "4th Open C Women"]
[Site "Moscow RUS"]
[Date "2008.02.03"]
[Round "2"]
[White "Cherenkova,K"]
[Black "Javakhishvili,L"]
[Result "1-0"]
[WhiteElo "2256"]
[BlackElo "2470"]

1.e4 c5 2.Nf3 Nc6 3.Bb5 e6 4.O-O Nge7 5.Re1 Ng6 6.c3 a6 7.Bxc6 bxc6 8.b3 d5
9.Ba3 Bb7 10.d4 Qb6 11.exd5 cxd5 12.dxc5 Bxc5 13.Bxc5 Qxc5 14.Qd4 Qxd4 15.cxd4 Rc8
16.Nbd2 Nf4 17.Re3 Rc2 18.g3 Nh5 19.b4 Nf6 20.Rae1 Ke7 21.Nb3 Ne4 22.Nc5 Rb8
23.Nd3 Rbc8 24.Rc1 f6 25.Nc5  1-0

[Event "4th Open C Women"]
[Site "Moscow RUS"]
[Date "2008.02.03"]
[Round "2"]
[White "Muzychuk,A"]
[Black "Savina,A"]
[Result "1-0"]
[WhiteElo "2460"]
[BlackElo "2202"]

1.e4 c5 2.Nf3 Nc6 3.Bb5 d6 4.O-O Bd7 5.Re1 Nf6 6.c3 a6 7.Bf1 Bg4 8.d3 e6
9.Nbd2 Be7 10.h3 Bh5 11.g3 O-O 12.Bg2 d5 13.Qe2 dxe4 14.dxe4 Nd7 15.Nf1 Bxf3
16.Bxf3 Nde5 17.Rd1 Qa5 18.Bg2 c4 19.f4 Nd3 20.b4 Qa4 21.Ne3 b5 22.e5 Rfc8
23.f5 Ndxe5 24.fxe6 fxe6 25.Be4 Bxb4 26.cxb4 Qxb4 27.Nc2 Qe7 28.Bf4 Ra7 29.Nd4 Nxd4
30.Rxd4 Nf7 31.Qh5 h6 32.Qg6 e5 33.Rf1 exf4 34.Qh7+ Kf8 35.Rxf4 Qe5 36.Bg2 Re8
37.Kh2 g5 38.Rfe4 Qh8 39.Qf5 Rxe4 40.Rxe4 Rc7 41.Re2 Qd4 42.Bd5 c3 43.Bb3 Rd7
44.Kg2 Re7 45.Rxe7 Kxe7 46.Qxf7+ Kd6 47.Qf2 Ke5 48.Kf1 Qxf2+ 49.Kxf2 Kd4
50.Ke2 a5 51.Be6 b4 52.Bb3 Ke4 53.Bc2+ Kd4 54.g4 Ke5 55.Ke3  1-0

[Event "4th Open C Women"]
[Site "Moscow RUS"]
[Date "2008.02.05"]
[Round "4"]
[White "Muzychuk,A"]
[Black "Iljushina,O"]
[Result "1-0"]
[WhiteElo "2460"]
[BlackElo "2268"]

1.e4 c5 2.Nf3 Nc6 3.Bb5 g6 4.O-O Bg7 5.Re1 Nf6 6.e5 Nd5 7.Nc3 Nc7 8.Bxc6 dxc6
9.Ne4 Ne6 10.d3 O-O 11.Be3 b6 12.Qd2 Nd4 13.Nxd4 cxd4 14.Bh6 c5 15.h4 Bb7
16.h5 Qd5 17.Bxg7 Kxg7 18.Qg5 f6 19.exf6+ exf6 20.h6+ Kh8 21.Qg3 f5 22.Ng5 f4
23.Qg4 Bc8 24.Qh4 Bb7 25.f3 Rf5 26.Ne6 g5 27.Qg4 Rg8 28.Nc7 Qf7 29.Ne8 Rd5
30.Qe6 Qxe6 31.Rxe6 Bc8 32.Re7 Rg6 33.Nf6  1-0

[Event "4th Open C Women"]
[Site "Moscow RUS"]
[Date "2008.02.05"]
[Round "4"]
[White "Kharmunova,N"]
[Black "Aganesova,E"]
[Result "1-0"]
[WhiteElo "2170"]
[BlackElo "2038"]

1.e4 c5 2.Nf3 Nc6 3.Bb5 g6 4.O-O Bg7 5.Re1 e5 6.Bxc6 dxc6 7.Nc3 Ne7 8.d3 O-O
9.Be3 b6 10.Qd2 Re8 11.Bh6 Bh8 12.Qg5 Be6 13.Qg3 Qd6 14.Nh4 Rad8 15.f4 f5
16.Nf3 exf4 17.Bxf4 Qd7 18.Bc7 Rc8 19.Be5 Rcd8 20.Bxh8 Kxh8 21.Qe5+ Kg8 22.Rad1 Nc8
23.Qg3 Qg7 24.Ng5 fxe4 25.Ncxe4 Bf5 26.Nf3 c4 27.Qh4 Bxe4 28.Rxe4 Nd6 29.Rd4 Nf7
30.Rxc4 c5 31.Rf1 Nd6 32.Ng5 Nf5 33.Rxf5 gxf5 34.Ne6 Qxb2 35.Qg5+ Kh8 36.Nxd8 Qb1+
37.Kf2 Qe1+ 38.Kf3 Qe2+ 39.Kg3 Re3+ 40.Kh4 Qf2+ 41.Kh5 Qe2+ 42.Kh6 Re6+ 43.Nxe6 Qxe6+
44.Kh5 b5 45.Rf4  1-0

[Event "Velammal 45th National A ch-IND"]
[Site "Chennai IND"]
[Date "2008.02.07"]
[Round "5"]
[White "Shetty,R"]
[Black "Roy Chowdhury,S"]
[Result "1/2-1/2"]
[WhiteElo "2320"]
[BlackElo "2418"]

1.e4 c5 2.Nf3 Nc6 3.Bb5 e6 4.O-O Nge7 5.c3 a6 6.Be2 d5 7.exd5 Nxd5 8.d4 cxd4
9.Nxd4 Bd7 10.Bf3 Nde7 11.Re1 Qc7 12.Nxc6 Nxc6 13.Nd2 Rd8 14.Qe2 Bd6 15.h3 Ne5
16.Ne4 Be7  1/2-1/2

[Event "4th Open C Women"]
[Site "Moscow RUS"]
[Date "2008.02.07"]
[Round "6"]
[White "Kharmunova,N"]
[Black "Manakova,M"]
[Result "0-1"]
[WhiteElo "2170"]
[BlackElo "2331"]

1.e4 c5 2.Nf3 Nc6 3.Bb5 d6 4.O-O e5 5.c3 Bg4 6.d4 Bxf3 7.Bxc6+ bxc6 8.Qxf3 cxd4
9.cxd4 exd4 10.e5 d5 11.Re1 Bb4 12.Rd1 Ne7 13.Rxd4 Bc5 14.Rg4 Ng6 15.Qg3 Qe7
16.Nd2 Qxe5 17.Rxg6 Qe1+ 18.Nf1 hxg6 19.Be3 Qxa1 20.Bxc5 O-O-O 21.Qa3 Rd7
22.Qa6+ Kb8 23.Qxc6 Rb7 24.a4 Qxb2 25.Qxd5 Rc8 26.Bd4 Qb3 27.Qe5+ Ka8 28.h3 f6
29.Qa5 Qb4 30.Qd5 Qc4 31.Qd6 Rb1 32.Qd7 Rxf1+ 33.Kh2 Qc7+  0-1

[Event "4th Open C Women"]
[Site "Moscow RUS"]
[Date "2008.02.08"]
[Round "7"]
[White "Bukhteeva,V"]
[Black "Frantsuzova,L"]
[Result "1-0"]
[WhiteElo "2065"]
[BlackElo "1899"]

1.e4 c5 2.Nf3 Nc6 3.Bb5 g6 4.O-O Bg7 5.Re1 e5 6.b4 Nd4 7.Nxd4 cxd4 8.a4 Nf6
9.d3 a6 10.Bc4 b6 11.Nd2 O-O 12.Ba3 d5 13.exd5 Nxd5 14.b5 Re8 15.Qf3 Be6
16.Ne4 Nf4 17.Nd6 Re7 18.Nb7 Rxb7 19.Qxb7 Bxc4 20.dxc4 axb5 21.Be7 Qc8 22.Qxc8+ Rxc8
23.axb5 f5 24.c5 Nd5 25.Bd6 bxc5 26.Bxe5 Bf8 27.Rab1 Re8 28.f4 g5 29.b6 gxf4
30.b7 Nb4 31.b8=Q Rxb8 32.Bxb8  1-0

[Event "TCh-FIN 2007-8"]
[Site "Finland FIN"]
[Date "2008.02.09"]
[Round "6"]
[White "Pulkkinen,K"]
[Black "Nokso Koivisto,An"]
[Result "0-1"]
[WhiteElo "2319"]
[BlackElo "2220"]

1.e4 c5 2.Nf3 Nc6 3.Bb5 d6 4.O-O Bd7 5.Re1 Nf6 6.c3 a6 7.Bf1 Bg4 8.h3 Bh5
9.g4 Bg6 10.d4 cxd4 11.cxd4 Bxe4 12.Rxe4 Nxe4 13.d5 Qd7 14.dxc6 bxc6 15.Bg2 Nf6
16.Nc3 e6 17.Qa4 Rc8 18.Qxa6 Be7 19.Bd2 O-O 20.Rd1 Qc7 21.Rc1 Qb8 22.b3 c5
23.Bf4 h6 24.Nd2 Qb4 25.Bxd6 Bxd6 26.Qxd6 Rcd8 27.Qe5 Rxd2 28.Re1 Qd4 29.Qe3 Qxe3
30.Rxe3 Rfd8 31.Re5 Nd5 32.Ne4 Rxa2 33.Nxc5 Nf4 34.Ne4 Rb2 35.Rb5 Ne2+ 36.Kh2 Nd4
37.Rb7 Rxb3 38.Rc7 Nf3+ 39.Kg3 Ng5+ 40.Kh2 Nxe4 41.Bxe4 g6 42.Rc2 Rdb8 43.Kg2 Rb2
44.Rc7 Rd2 45.Rc3 Rbb2 46.Rf3 Kg7 47.Kg3 f5 48.Bc6 Kf6 49.h4 Rb4 50.gxf5 gxf5
51.Rc3 Rg4+  0-1

[Event "4th Open C Women"]
[Site "Moscow RUS"]
[Date "2008.02.09"]
[Round "8"]
[White "Cherenkova,K"]
[Black "Manakova,M"]
[Result "1-0"]
[WhiteElo "2256"]
[BlackElo "2331"]

1.e4 c5 2.Nf3 Nc6 3.Bb5 e6 4.Bxc6 bxc6 5.d3 f6 6.Nc3 Ne7 7.Qe2 d6 8.h4 e5
9.a3 Bg4 10.Bd2 d5 11.b3 Nc8 12.Na4 Nb6 13.Ba5 Rb8 14.b4 cxb4 15.axb4 Bd6
16.c4 Bc7 17.O-O Nxa4 18.Rxa4 Bxa5 19.Rxa5 dxc4 20.dxc4 Rxb4 21.Rxa7 O-O
22.Qe3 Rxc4 23.Rb1 Be6 24.Rbb7 Qd1+ 25.Kh2 Bf7 26.Qa3 c5 27.Qa6 Rb4 28.Rxf7 Rxf7
29.Ra8+  1-0

[Event "Velammal 45th National A ch-IND"]
[Site "Chennai IND"]
[Date "2008.02.10"]
[Round "8"]
[White "Roy Chowdhury,S"]
[Black "Venkatesh,M"]
[Result "1/2-1/2"]
[WhiteElo "2418"]
[BlackElo "2444"]

1.e4 c5 2.Nf3 Nc6 3.Bb5 Nf6 4.Nc3 Qc7 5.d3 Nd4 6.Ba4 a6 7.Nxd4 cxd4 8.Ne2 e5
9.O-O b5 10.Bb3 d6 11.f4 Be6 12.Ng3 Bxb3 13.cxb3 Nd7 14.Bd2 g6 15.f5 Bg7
16.b4 O-O 17.Rc1 Qd8 18.Rc6 Nb8 19.Rc1 Nd7 20.Qb3 Qh4 21.Rf3 Nf6 22.Nf1 Rac8
23.Rh3 Qg4 24.Rg3 Qh5 25.Re1 Kh8 26.Rh3 Qg4 27.Rg3 Qh4 28.Rh3 Qg4 29.Rg3 Qh5
30.fxg6 fxg6 31.Qe6 Rce8 32.Qxd6 Qh4 33.Rh3 Qg4 34.Rg3 Qd7 35.Qxd7 Nxd7 36.Rf3 Rc8
37.Rc1 Rxc1 38.Bxc1 Rc8 39.Bg5 Kg8 40.Rf2 Bf8 41.a3  1/2-1/2

[Event "43rd ch-CYP"]
[Site "Limassol CYP"]
[Date "2008.02.10"]
[Round "8"]
[White "Sarmadi,A"]
[Black "Kassinopoullos,D"]
[Result "1-0"]
[WhiteElo "1970"]
[BlackElo "2118"]

1.e4 c5 2.Nf3 Nc6 3.Bb5 g6 4.O-O Bg7 5.d3 Qb6 6.Nc3 e6 7.Bxc6 Qxc6 8.Bf4 Nf6
9.Ne5 Qa6 10.Nc4 O-O 11.Bd6 Rd8 12.a4 Qc6 13.Qf3 Re8 14.Nb5 b6 15.Ne5 Qb7
16.Nc7 Rf8 17.Nxa8 Qxa8 18.a5 Qb7 19.a6 Qa8 20.g4 h5 21.Bxf8  1-0

[Event "Festival des Jeux"]
[Site "Cannes FRA"]
[Date "2008.02.14"]
[Round "5"]
[White "Felgaer,R"]
[Black "Miladinovic,I"]
[Result "1-0"]
[WhiteElo "2539"]
[BlackElo "2604"]

1.e4 c5 2.Nf3 Nc6 3.Bb5 e6 4.Bxc6 bxc6 5.d3 Ne7 6.Qe2 Qc7 7.e5 Ng6 8.b3 f6
9.Bb2 Be7 10.Nbd2 Qa5 11.O-O O-O 12.Qe3 fxe5 13.Nxe5 Nf4 14.Ne4 Qd8 15.Rae1 Qe8
16.Qg3 Nh5 17.Qg4 Rf4 18.Qe2 Rf8 19.Qg4 Rf4 20.Qd1 Rf8 21.d4 d6 22.Nc4 d5
23.Ned6 Bxd6 24.Nxd6 Qg6 25.Nxc8 Raxc8 26.dxc5 Nf4 27.g3 Nh3+ 28.Kg2 Ng5
29.f3 Qf5 30.g4 Qg6 31.h4 Nf7 32.h5 Qg5 33.Rxe6 d4 34.Qxd4 Rcd8 35.Qe3 Rd2+
36.Rf2 Rxf2+ 37.Qxf2 Qd5 38.Kf1 Qd8 39.Kg1 Qe8 40.c4 Ng5 41.Kg2 Qg6 42.Kg1 Ra8
43.Kg2 a5 44.Bc3 Rf8 45.a4 Ra8  1-0

[Event "10th TCh-Euro sen"]
[Site "Dresden GER"]
[Date "2008.02.14"]
[Round "4"]
[White "Dueckstein,A"]
[Black "Anguera Maestro,J"]
[Result "1-0"]
[WhiteElo "2252"]
[BlackElo "2223"]

1.e4 c5 2.Nf3 Nc6 3.Bb5 a6 4.Bxc6 bxc6 5.O-O d5 6.d3 Bg4 7.Nbd2 e6 8.c3 Bd6
9.Qa4 Qd7 10.e5 Bxf3 11.Nxf3 Bf8 12.Be3 Nh6 13.b4 cxb4 14.cxb4 Nf5 15.Rac1 Rc8
16.a3 Qb7 17.g4 Ne7 18.Nd4 h5 19.g5 Kd7 20.Rc2 Nf5 21.Nxf5 exf5 22.Bc5 Qb5
23.Qb3 Rc7 24.Rfc1 Bxc5 25.Rxc5 Qb7 26.Qa4 f6 27.Rxd5+ Kc8 28.Rdc5 fxe5 29.Rxe5 Rd8
30.Qb3 Kb8 31.Rxf5 Rcd7 32.Rf3 Qb5 33.Rc5 Qb7 34.Rcf5 Qb6 35.h3 Qd4 36.Qc4 Qb6
37.Rf8 Rd4 38.Rxd8+ Qxd8 39.Qc5 Rd5 40.Rf8 Rxc5 41.Rxd8+ Kc7 42.bxc5 Kxd8
43.f4 g6 44.Kf2  1-0

[Event "Velammal 45th National A ch-IND"]
[Site "Chennai IND"]
[Date "2008.02.15"]
[Round "13"]
[White "Sethuraman,S"]
[Black "Roy Chowdhury,S"]
[Result "1/2-1/2"]
[WhiteElo "2424"]
[BlackElo "2418"]

1.e4 c5 2.Nf3 Nc6 3.Bb5 d6 4.O-O Bd7 5.c3 Nf6 6.Re1 a6 7.Ba4 b5 8.Bc2 e5
9.d4 cxd4 10.cxd4 Bg4 11.Be3 exd4 12.Bxd4 Be7 13.Be3 O-O 14.h3 Bxf3 15.Qxf3 Nb4
16.Bb3 Nd3 17.Re2 Rc8 18.Na3 Ne5 19.Qf4 Ng6 20.Qf3 Ne5 21.Qf5 Nfd7 22.Rd1 Nc5
23.Bd5 Ncd3 24.Qh5 Nb4 25.Bb3 g6 26.Qh6 Re8 27.Red2 Nc4 28.Bxc4 bxc4 29.Rd4 Bf8
30.Qg5 Qxg5 31.Bxg5 Bg7 32.Rxc4 Bxb2 33.Rxb4 Bxa3 34.Ra4 Bc5 35.Kf1 Rc6 36.Rb1 Kg7
37.Rb7 h6 38.Bd2 g5 39.f3 Kg6 40.Rc4 Rcc8 41.Bb4 Rb8 42.Rxb8 Rxb8 43.Bxc5  1/2-1/2

[Event "10th TCh-Euro sen"]
[Site "Dresden GER"]
[Date "2008.02.15"]
[Round "5"]
[White "Shabanov,Y"]
[Black "Hurme,H"]
[Result "1/2-1/2"]
[WhiteElo "2451"]
[BlackElo "2215"]

1.e4 c5 2.Nf3 Nc6 3.Bb5 g6 4.c3 Bg7 5.Qa4 Nf6 6.O-O O-O 7.e5 Ne8 8.Re1 Nc7
9.Bxc6 dxc6 10.Qh4 f6 11.d4 cxd4 12.cxd4 Be6 13.Nc3 Bd5 14.Ne4 Ne6 15.Qg3 Bxe4
16.Rxe4 Qd5 17.Re1 Rad8 18.Be3 f5 19.Bg5 Rfe8 20.h4 h6 21.Bxh6 Bxh6 22.Qxg6+ Bg7
23.h5 Kh8 24.h6 Rg8 25.hxg7+ Rxg7 26.Qh6+ Rh7 27.Qe3 Rg8 28.Qb3 Rhg7 29.Qxd5 Rxg2+
30.Kf1 cxd5 31.Ke2 R2g4 32.Rh1+ Kg7 33.Rad1 Rc8 34.Rc1 Rc4 35.Rxc4 dxc4 36.Rd1 Nf4+
37.Kf1 Nd5 38.Rc1 b5 39.a4 a6 40.axb5 axb5 41.Ra1 b4 42.Ra5 e6 43.Rc5 c3
44.bxc3 bxc3 45.Rc4 Kf7 46.Ne1 Rg8 47.Nc2 f4 48.Ke2 Rb8 49.Ra4 Rb2 50.Kd3 Rb1
51.Ra1 Rb2 52.Rg1 Rb8 53.Ra1 Kg6 54.Ke4 Rb2 55.Rg1+ Kh5 56.Rh1+ Kg6 57.Rg1+ Kf7
58.Kd3 Rb8 59.Rh1 Rg8 60.Ke4 Ra8 61.Kd3 Kg6 62.Ke4 Ra2 63.Rg1+ Kh5  1/2-1/2

[Event "XXIV Open"]
[Site "Cappelle La Grande FRA"]
[Date "2008.02.16"]
[Round "1"]
[White "Sulskis,S"]
[Black "Pitl,G"]
[Result "1-0"]
[WhiteElo "2553"]
[BlackElo "2405"]

1.e4 c5 2.Nf3 Nc6 3.Bb5 d6 4.O-O Bd7 5.c3 Nf6 6.Re1 a6 7.Ba4 b5 8.Bb3 Bg4
9.d3 e6 10.h3 Bxf3 11.Qxf3 Be7 12.Be3 O-O 13.d4 Rc8 14.d5 Ne5 15.Qd1 Nxe4
16.dxe6 c4 17.Bc2 Nc5 18.Bxc5 Rxc5 19.exf7+ Rxf7 20.Nd2 Rd5 21.Qe2 Nd3 22.Bxd3 Rxd3
23.Rad1 Bf8 24.Nf1 Rxd1 25.Rxd1 Qf6 26.Ne3 Qe5 27.a4 Qe4 28.axb5 axb5 29.Qh5 Rb7
30.Rd4 Qb1+ 31.Kh2 Rf7 32.Qd5 Be7 33.Rf4 Bf6 34.Qxb5  1-0

[Event "XXIV Open"]
[Site "Cappelle La Grande FRA"]
[Date "2008.02.16"]
[Round "1"]
[White "Kasparov,S"]
[Black "Kuipers,S"]
[Result "1-0"]
[WhiteElo "2458"]
[BlackElo "2302"]

1.e4 c5 2.Nf3 Nc6 3.Bb5 g6 4.Bxc6 dxc6 5.d3 Bg4 6.Nbd2 Bg7 7.h3 Bxf3 8.Nxf3 Nf6
9.O-O O-O 10.Qe2 Nd7 11.c3 e5 12.Be3 Qe7 13.Rad1 h6 14.Rfe1 Rad8 15.Qc2 Rfe8
16.a3 Nf8 17.b4 cxb4 18.axb4 a6 19.Nd2 Ne6 20.Nb3 f5 21.Nc5 f4 22.Nxe6 Qxe6
23.Bb6 Rd7 24.f3 Bf6 25.d4 Bd8 26.Bxd8 Rexd8 27.dxe5 Qxe5 28.Rxd7 Rxd7 29.Rd1 Rxd1+
30.Qxd1 Qxc3 31.Qd8+ Kf7 32.Qd7+ Kf6 33.Qd6+ Kg5 34.Kh2 Qe3 35.Qe5+ Kh4 36.g3+ fxg3+
37.Qxg3+ Kh5 38.Qg4+  1-0

[Event "TCh-HUN 2007-8"]
[Site "Budapest HUN"]
[Date "2008.02.17"]
[Round "6"]
[White "Balog,M"]
[Black "Horvath,Cs1"]
[Result "0-1"]
[WhiteElo "2288"]
[BlackElo "2536"]

1.e4 c5 2.Nf3 Nc6 3.Bb5 e6 4.O-O Nge7 5.c3 a6 6.Bxc6 Nxc6 7.d4 d5 8.exd5 Qxd5
9.dxc5 Qxd1 10.Rxd1 Bxc5 11.Nbd2 O-O 12.Ne4 Ba7 13.Bf4 f6 14.Bd6 Rf7 15.Ba3 Rc7
16.Nd6 Bd7 17.h3 e5 18.Ne4 Bf5 19.Ng3 Be6 20.b3 Ne7 21.Rd2 Ng6 22.Rad1 h6
23.c4 b5 24.cxb5 axb5 25.Bb4 Kh7 26.Ne4 Nf4 27.Kh2 f5 28.Nc3 e4 29.Nd4 Bxd4
30.Rxd4 Nd3 31.Nxb5 Rc2 32.Rd6 Raxa2 33.Rxe6 Rxf2 34.Rd2 Rfxd2 35.Bxd2 Rxd2
36.Nd6 Nf4  0-1

[Event "XXIV Open"]
[Site "Cappelle La Grande FRA"]
[Date "2008.02.18"]
[Round "3"]
[White "Kulaots,K"]
[Black "Tuncer,U"]
[Result "1/2-1/2"]
[WhiteElo "2533"]
[BlackElo "2301"]

1.e4 c5 2.Nf3 Nc6 3.Bb5 g6 4.Bxc6 dxc6 5.d3 Bg7 6.h3 Nf6 7.Nc3 Nd7 8.Be3 b6
9.Qd2 h6 10.O-O e5 11.Nh2 Nf8 12.f4 exf4 13.Rxf4 Be6 14.Rf2 Nd7 15.Raf1 Ne5
16.Ne2 Qe7 17.b3 O-O-O 18.Nf4 Bd7 19.Qe2 f5 20.d4 cxd4 21.Bxd4 Rhe8 22.Qa6+ Kb8
23.Bxb6 axb6 24.Qxb6+ Kc8 25.Qa6+ Kb8 26.Qb6+  1/2-1/2